000 00191nam a2200085 4500
001 1234074
005 20250926112232.0
245 _aŞEKİLLİ KİMYA SÖZLÜĞÜ
_cTÜBİTAK
260 _bTÜBİTAK
999 _c1234074
_d1234074